Major tropical cyclones of 2022 - Statistics

General Stats
  • This quiz has been taken 13 times
    10 since last reset
  • The average score is 11 of 17
Answer Stats
Picture Answer % Correct
Ian
100%
Noru
80%
Roslyn
80%
Darian
70%
Fiona
70%
Hinnamnor
70%
Nanmadol
70%
Orlene
70%
Bonnie
60%
Darby
60%
Emnati
60%
Muifa
60%
Batsirai
50%
Gombe
50%
Malakas
50%
Vernon
50%
Halima
40%
No matching quizzes found
Score Distribution
Percent of People with Each Score
Percentile by Number Answered
Your Score History
You have not taken this quiz since the last reset